Capital to Country Click Quiz #2 - Statistics

General Stats
  • This quiz has been taken 208 times
    185 since last reset
  • The average score is 17 of 20
Answer Stats
Hint Answer % Correct
Jerusalem Israel
98%
Tokyo Japan
98%
Washington D.C. United States
97%
Dublin Ireland
96%
Canberra Australia
95%
Amsterdam Netherlands
95%
Budapest Hungary
93%
La Paz Bolivia
91%
Bratislava Slovakia
90%
Ljubljana Slovenia
87%
Saint John‘s Antigua and Barbuda
83%
Bishkek Kyrgyzstan
82%
Bridgetown Barbados
80%
Managua Nicaragua
77%
Kigali Rwanda
72%
Palikir F. S. Micronesia
70%
Abuja Nigeria
70%
Niamey Niger
65%
Malabo Equatorial Guinea
64%
Manama Bahrain
63%
No matching quizzes found
Score Distribution
Percent of People with Each Score
Percentile by Number Answered
Your Score History
You have not taken this quiz since the last reset